World legal information institute (Record no. 120884)

MARC details
000 -LEADER
fixed length control field 00839cai a22001815a 4500
001 - CONTROL NUMBER
control field E151576
008 - FIXED-LENGTH DATA ELEMENTS--GENERAL INFORMATION
fixed length control field 101122u xxk g 000 0 eng d
035 ## - SYSTEM CONTROL NUMBER
System control number (Sirsi) u151576
041 0# - LANGUAGE CODE
Language code of text/sound track or separate title eng
110 2# - MAIN ENTRY--CORPORATE NAME
Corporate name or jurisdiction name as entry element WorldLII
9 (RLIN) 5897
245 00 - TITLE STATEMENT
Title World legal information institute
Medium [electronic resource]
520 ## - SUMMARY, ETC.
Summary, etc. Offers a single search facility for databases located on the following Legal Information Institutes: AustLII; BAILII; CanLII; HKLII; LII (Cornell); and PacLII. Also includes databases not found on other LIIs, including databases of decisions of international Courts and Tribunals, databases from various Asian countries, and databases from South Africa.
590 ## - LOCAL NOTE (RLIN)
Local note KA
651 #4 - SUBJECT ADDED ENTRY--GEOGRAPHIC NAME
Geographic name International
690 ## - LOCAL SUBJECT ADDED ENTRY--TOPICAL TERM (OCLC, RLIN)
Topical term or geographic name as entry element PROPERTY
856 40 - ELECTRONIC LOCATION AND ACCESS
Uniform Resource Identifier <a href="https://www.worldlii.org/">https://www.worldlii.org/</a>
Public note View the website free of charge at www.worldlii.org
942 ## - ADDED ENTRY ELEMENTS (KOHA)
Suppress in OPAC 0
Holdings
Withdrawn status Lost status Source of classification or shelving scheme Damaged status Not for loan Home library Current library Shelving location Date acquired Total Checkouts Full call number Barcode Date last seen Copy number Price effective from Koha item type
    Dewey Decimal Classification     Virtual Virtual Online 22/11/2010   WEBSITE 151576-2001 06/08/2019 1 06/08/2019 Online material